000 01075cam a2200325 4500
001 76645
003 BD-RjUL
005 20211209082852.0
008 191229c19711968nyuab b 00000 eng
035 _a(BD-RjUL)
035 _a1135605
040 _aANL
_beng
_dANL
_cBD-RjUL
041 _aeng
043 _aah-----
082 0 _a709.54
_223
_bSIH 1971
100 1 _aSingh, Madanjeet.
_9237107
245 1 0 _aHimalayan art;
_bwall-painting and sculpture in Iadakh, Lahaul and Spiti, the Siwalik Ranges, Nepal, Sikkim, and Bhutan./
_cMadanjeet Singh
260 _a[New York]
_bMacmillan
_c[1971, c1968]
300 _a287 p. :
_billus. (part col.), map.;
_c22 cm.
490 1 _aUnesco art books
500 _a"Published in agreement with Unesco."
504 _aBibliography: p. 281-282.
650 0 _aMural painting and decoration
_zHimalaya region.
_9237108
650 0 _aSculpture
_zHimalaya region.
_9237109
830 0 _aUnesco art books.
_9237110
942 _2ddc
_cBK
999 _c76645
_d76645